Arduino and Raspberry Pi sensor projects for the evil genius / (Record no. 359382)
[ view plain ]
| 000 -LEADER | |
|---|---|
| fixed length control field | 00433nam a2200133Ia 4500 |
| 008 - FIXED-LENGTH DATA ELEMENTS--GENERAL INFORMATION | |
| fixed length control field | 181023s9999 xx 000 0 und d |
| 020 ## - INTERNATIONAL STANDARD BOOK NUMBER | |
| International Standard Book Number | 9781260010893 |
| 100 ## - MAIN ENTRY--PERSONAL NAME | |
| Personal name | Chin, Robert. |
| 245 ## - TITLE STATEMENT | |
| Statement of responsibility, etc | Robert Chin.-- |
| Title | Arduino and Raspberry Pi sensor projects for the evil genius / |
| 260 ## - PUBLICATION, DISTRIBUTION, ETC. (IMPRINT) | |
| Place of publication, distribution, etc | New York : |
| Name of publisher, distributor, etc | McGraw Hill |
| Date of publication, distribution, etc | 2018 |
| 300 ## - PHYSICAL DESCRIPTION | |
| Extent | x, 227 pages. |
| 650 ## - SUBJECT ADDED ENTRY--TOPICAL TERM | |
| Topical term or geographic name as entry element | Arduino (Programmable controller). |
| 650 ## - SUBJECT ADDED ENTRY--TOPICAL TERM | |
| Topical term or geographic name as entry element | Raspberry Pi (Computer). |
| Withdrawn status | Lost status | Damaged status | Home library | Current library | Shelving location | Date acquired | Source of acquisition | Total Checkouts | Total Renewals | Full call number | Barcode | Date last seen | Date checked out | Price effective from | Koha item type |
|---|---|---|---|---|---|---|---|---|---|---|---|---|---|---|---|
| College Library | College Library | Reserve Section | 10/23/2018 | Library Fund | 2 | 9 | QA 76.7 .C53 2018 | C21741 | 12/12/2022 | 10/19/2022 | 10/23/2018 | Books |